[Event "Oberliga Sued W 0304"]
[Site "Germany"]
[Date "2003.10.12"]
[Round "1.7"]
[White "Popitz, Andreas"]
[Black "Thielen, Dankward"]
[Result "1/2-1/2"]
[WhiteElo "2150"]
[BlackElo "2120"]
[PlyCount "44"]
[EventDate "2003.10.12"]
[EventType "team"]
[EventRounds "9"]
[EventCountry "GER"]
[SourceTitle "EXT 2006"]
[Source "ChessBase"]
[SourceDate "2005.11.24"]
[SourceVersion "1"]
[SourceVersionDate "2005.11.24"]
[SourceQuality "1"]
[WhiteTeam "Frankenthal"]
[BlackTeam "Siershahn"]
[WhiteTeamCountry "GER"]
[BlackTeamCountry "GER"]

1. d4 e6 2. Nf3 d5 3. Bf4 Nf6 4. e3 c5 5. c3 Nc6 6. Nbd2 Bd6 7. Bxd6 Qxd6 8. Qa4 0-0 9. Qa3 b6 10. Nb3 Ne4 11. Bb5 Bb7 12. 0-0 c4 13. Qxd6 Nxd6 14. Bxc6 Bxc6 15. Nbd2 f6 16. b3 b5 17. Rfb1 Rfb8 18. a3 Be8 19. Rb2 a5 20. Rba2 Rb7 21. Ne1 Rc8 22. b4 Bg6 1/2-1/2

[Event "Goch op 14th"]
[Site "Goch"]
[Date "2003.??.??"]
[Round "3"]
[White "Pickett, John"]
[Black "Thielen, Dankward"]
[Result "1/2-1/2"]
[WhiteElo "1830"]
[BlackElo "2110"]
[PlyCount "65"]
[EventDate "2003.10.02"]
[EventType "swiss"]
[EventRounds "7"]
[EventCountry "GER"]
[SourceTitle "EXT 2006"]
[Source "ChessBase"]
[SourceDate "2005.11.24"]
[SourceVersion "1"]
[SourceVersionDate "2005.11.24"]
[SourceQuality "1"]

1. e4 e6 2. d4 d5 3. Nc3 Nf6 4. e5 Nfd7 5. f4 c5 6. Nf3 Nc6 7. Be3 cxd4 8. Nxd4 Bc5 9. Qd2 0-0 10. 0-0-0 a6 11. Qf2 Bxd4 12. Bxd4 b5 13. Bd3 Qe7 14. Rhe1 Nxd4 15. Qxd4 b4 16. Ne2 Qc5 17. Kb1 a5 18. Rc1 Ba6 19. Bxa6 Qxd4 20. Nxd4 Rxa6 21. Re3 Nc5 22. Rd1 Ne4 23. g3 Rc8 24. Rf3 a4 25. a3 bxa3 26. Rxa3 Rb6 27. Kc1 Rcb8 28. b3 axb3 29. Rxb3 Rxb3 30. cxb3 h5 31. Kb2 Nc5 32. Ka3 Ra8+ 33. Kb2 1/2-1/2

[Event "Seefeld op 12th"]
[Site "Seefeld"]
[Date "2001.09.21"]
[Round "7"]
[White "Thielen, Dankward"]
[Black "Hoffmann, Bernhard"]
[Result "1/2-1/2"]
[WhiteElo "2120"]
[BlackElo "1820"]
[PlyCount "98"]
[EventDate "2001.09.15"]
[EventType "swiss"]
[EventRounds "9"]
[EventCountry "AUT"]
[SourceTitle "EXT 2002"]
[Source "ChessBase"]
[SourceDate "2001.11.25"]
[SourceVersion "1"]
[SourceVersionDate "2001.11.25"]
[SourceQuality "1"]

1. e4 e5 2. Nc3 Nf6 3. Nf3 Nc6 4. Bb5 Bb4 5. 0-0 0-0 6. d3 Bxc3 7. bxc3 d6 8. Bg5 Qe7 9. Re1 Nd8 10. d4 c6 11. Bf1 Ne6 12. Bc1 Nc7 13. a4 Bg4 14. h3 Bh5 15. g4 Bg6 16. Nh4 Ne6 17. Nf5 Qc7 18. Ba3 c5 19. dxe5 dxe5 20. Qd6 Qxd6 21. Nxd6 Ng5 22. Bg2 Ne6 23. Nxb7 Rac8 24. Nd6 Rc7 25. Nc4 Nd7 26. Rad1 Nb6 27. Nxb6 axb6 28. Rd6 Ra7 29. Rxb6 Rxa4 30. Bc1 Ra2 31. Be3 Rxc2 32. Rc1 Rxc1+ 33. Bxc1 Rd8 34. Kh2 h5 35. Be3 Rd3 36. Rb3 hxg4 37. hxg4 Nd4 38. Rb8+ Kh7 39. cxd4 exd4 40. Bf4 c4 41. Rc8 c3 42. Be5 f6 43. Bxd4 Rxd4 44. Rxc3 Bxe4 45. Bxe4+ Rxe4 46. Kg3 g5 47. Rc7+ Kg6 48. Ra7 Rb4 49. Rc7 Ra4 1/2-1/2

[Event "Seefeld op 12th"]
[Site "Seefeld"]
[Date "2001.09.20"]
[Round "6"]
[White "Frank, Albert"]
[Black "Thielen, Dankward"]
[Result "1/2-1/2"]
[WhiteElo "2034"]
[BlackElo "2120"]
[PlyCount "23"]
[EventDate "2001.09.15"]
[EventType "swiss"]
[EventRounds "9"]
[EventCountry "AUT"]
[SourceTitle "EXT 2002"]
[Source "ChessBase"]
[SourceDate "2001.11.25"]
[SourceVersion "1"]
[SourceVersionDate "2001.11.25"]
[SourceQuality "1"]

1. c4 e6 2. g3 Nf6 3. Bg2 d5 4. cxd5 exd5 5. Nf3 c6 6. 0-0 Bd6 7. b3 0-0 8. Bb2 Re8 9. Re1 a5 10. d3 Bg4 11. Nbd2 Nbd7 12. Qc2 1/2-1/2

[Event "Seefeld op 11th"]
[Site "Seefeld"]
[Date "2000.09.19"]
[Round "4"]
[White "Schumacher, Helmut"]
[Black "Thielen, Dankward"]
[Result "1/2-1/2"]
[WhiteElo "2184"]
[BlackElo "2115"]
[PlyCount "131"]
[EventDate "2000.09.16"]
[EventType "swiss"]
[EventRounds "9"]
[EventCountry "AUT"]
[SourceTitle "EXT 2001"]
[Source "ChessBase"]
[SourceDate "2000.11.22"]
[SourceVersion "1"]
[SourceVersionDate "2000.11.22"]
[SourceQuality "1"]

1. d4 e6 2. e4 d5 3. Nc3 Nf6 4. Bg5 Bb4 5. e5 h6 6. exf6 hxg5 7. fxg7 Rg8 8. h4 gxh4 9. Qg4 Qf6 10. Rxh4 Qxg7 11. Qxg7 Rxg7 12. Rh8+ Bf8 13. 0-0-0 Bd7 14. Re1 Nc6 15. Nxd5 0-0-0 16. Nf6 Rg6 17. Nxd7 Kxd7 18. Kb1 Nxd4 19. Rxf8 Rxf8 20. Rd1 c5 21. c3 e5 22. Nf3 f6 23. cxd4 cxd4 24. g3 Rh6 25. Bd3 Ke6 26. Re1 Kd6 27. Nh4 Kc5 28. Be4 Kb6 29. Rc1 a6 30. Rc4 a5 31. b4 Rh5 32. bxa5+ Kxa5 33. Kc2 b6 34. Rc7 f5 35. Bf3 Rh6 36. Be2 e4 37. Kb3 d3 38. Bd1 b5 39. Rc5 Kb6 40. Rxf5 Rxf5 41. Nxf5 Rh1 42. Ne3 Rh2 43. Kc3 Rxf2 44. Kd4 Rxa2 45. Kxe4 d2 46. Kd3 Kc5 47. Nf1 Ra3+ 48. Kxd2 Kd4 49. Kc2 Ra2+ 50. Kb3 Rf2 51. g4 Rxf1 52. Bc2 Kc5 53. g5 Rf3+ 54. Kb2 Rg3 55. g6 b4 56. Bf5 Kd4 57. Kc2 b3+ 58. Kb2 Kc4 59. Be6+ Kb4 60. Bd5 Rxg6 61. Bxb3 Rg2+ 62. Bc2 Kc4 63. Kb1 Kc3 64. Be4 Rb2+ 65. Ka1 Rb4 66. Bf5 1/2-1/2

[Event "Seefeld op 11th"]
[Site "Seefeld"]
[Date "2000.09.17"]
[Round "2"]
[White "Kyas, Juergen"]
[Black "Thielen, Dankward"]
[Result "1/2-1/2"]
[WhiteElo "2260"]
[BlackElo "2115"]
[PlyCount "68"]
[EventDate "2000.09.16"]
[EventType "swiss"]
[EventRounds "9"]
[EventCountry "AUT"]
[SourceTitle "EXT 2001"]
[Source "ChessBase"]
[SourceDate "2000.11.22"]
[SourceVersion "1"]
[SourceVersionDate "2000.11.22"]
[SourceQuality "1"]

1. e4 e6 2. d4 d5 3. Nd2 Nf6 4. Bd3 c5 5. e5 Nfd7 6. c3 Nc6 7. Ne2 cxd4 8. cxd4 f6 9. exf6 Nxf6 10. Nf3 Bd6 11. 0-0 Qc7 12. Nc3 a6 13. Bg5 0-0 14. Bh4 Nh5 15. Re1 g6 16. Bf1 Qg7 17. Bg5 h6 18. Be3 Bd7 19. g3 Nf6 20. Ne5 g5 21. f4 gxf4 22. Bxf4 Nxe5 23. Bxe5 Bxe5 24. Rxe5 Ng4 25. Re2 Rf7 26. Bg2 Kh8 27. Qd2 Raf8 28. Rf1 Rxf1+ 29. Bxf1 Qg6 30. Bh3 h5 31. Bxg4 Qxg4 32. Rf2 Rxf2 33. Qxf2 Kg7 34. Qf4 Qxf4 1/2-1/2

[Event "Passau op 8th"]
[Site "Passau"]
[Date "2000.04.24"]
[Round "7"]
[White "Thielen, Dankward"]
[Black "Scharrer, Patrick"]
[Result "1/2-1/2"]
[WhiteElo "2117"]
[BlackElo "1759"]
[PlyCount "114"]
[EventDate "2000.04.21"]
[EventType "swiss"]
[EventRounds "7"]
[EventCountry "GER"]
[SourceTitle "CBM 076 Extra"]
[Source "ChessBase"]
[SourceDate "2000.07.11"]
[SourceVersion "1"]
[SourceVersionDate "2000.07.11"]
[SourceQuality "1"]

1. e4 c5 2. Nc3 Nc6 3. f4 d6 4. Nf3 Nf6 5. Bb5 e6 6. d3 Be7 7. 0-0 0-0 8. Bxc6 bxc6 9. e5 Nd5 10. Ne4 Rb8 11. exd6 Bxd6 12. Ne5 Qc7 13. Nxd6 Qxd6 14. Qe1 Ba6 15. b3 Nb4 16. Qf2 Nxc2 17. Qxc2 Qd4+ 18. Qf2 Qxa1 19. Be3 Qc3 20. Rc1 Qa5 21. Nxc6 Qc7 22. Nxb8 Qxb8 23. Bxc5 Rc8 24. d4 Bb5 25. Qe3 a6 26. Re1 Re8 27. Qe5 Qxe5 28. Rxe5 f6 29. Re3 Kf7 30. Kf2 Bc6 31. b4 g5 32. fxg5 fxg5 33. a3 Kf6 34. Bd6 Rc8 35. Rc3 Bd7 36. Rc5 Rxc5 37. bxc5 Bc6 38. g4 Kf7 39. Kg3 Bd5 40. h4 h6 41. hxg5 hxg5 42. Kf2 Ke8 43. Ke3 Bg2 44. Be5 Ke7 45. Kd3 Kd7 46. Bf6 Bf3 47. Bxg5 Bxg4 48. Ke4 Kc6 49. Ke5 Bh3 50. Bd8 Bg4 51. Bb6 Bh3 52. Kf4 Bg2 53. Ke5 Bd5 54. a4 Bb3 55. a5 Ba2 56. Ke4 Bd5+ 57. Ke5 Bb3 1/2-1/2

[Event "Passau op 8th"]
[Site "Passau"]
[Date "2000.04.22"]
[Round "3"]
[White "Thielen, Dankward"]
[Black "Collin, Anke"]
[Result "1-0"]
[WhiteElo "2117"]
[BlackElo "1750"]
[PlyCount "105"]
[EventDate "2000.04.21"]
[EventType "swiss"]
[EventRounds "7"]
[EventCountry "GER"]
[SourceTitle "CBM 076 Extra"]
[Source "ChessBase"]
[SourceDate "2000.07.11"]
[SourceVersion "1"]
[SourceVersionDate "2000.07.11"]
[SourceQuality "1"]

1. e4 e6 2. d4 d5 3. exd5 exd5 4. c4 dxc4 5. Bxc4 Bb4+ 6. Nc3 Nc6 7. Nf3 Bg4 8. 0-0 Nge7 9. Bxf7+ Kxf7 10. Ng5+ Ke8 11. Qxg4 Qxd4 12. Qe6 Bxc3 13. bxc3 Qf6 14. Qb3 b6 15. Be3 h6 16. Nf3 Rd8 17. Rad1 Rd6 18. Rxd6 cxd6 19. Nd4 Kd7 20. Qa4 Qh4 21. Qa6 Rb8 22. Qb5 Qe4 23. Qh5 Qd5 24. Qh3+ Ke8 25. Ne6 Kf7 26. Nf4 Qxa2 27. Qh5+ Kg8 28. Ng6 Qf7 29. Nxe7+ Nxe7 30. Qg4 Kh8 31. Qd7 Rc8 32. Bd4 Qe8 33. Qxa7 Nf5 34. Qxb6 Nxd4 35. Qxd4 Qc6 36. h3 d5 37. Rd1 Qc5 38. Qxc5 Rxc5 39. Rd3 Kg8 40. Rf3 Rc6 41. Kf1 Re6 42. Re3 Kf7 43. Ke2 Rg6 44. g3 Re6 45. Rxe6 Kxe6 46. Ke3 g5 47. f4 gxf4+ 48. Kxf4 Kf6 49. g4 Ke6 50. h4 Kf6 51. g5+ hxg5+ 52. hxg5+ Kg6 53. Ke5 1-0

[Event "BL2-West 9900"]
[Site "Germany"]
[Date "2000.01.30"]
[Round "5.8"]
[White "Schlamp, Frank"]
[Black "Thielen, Dankward"]
[Result "1/2-1/2"]
[WhiteElo "2185"]
[BlackElo "2124"]
[PlyCount "105"]
[EventDate "1999.10.10"]
[EventType "team-tourn"]
[EventRounds "9"]
[EventCountry "GER"]
[SourceTitle "CBM 074 Extra"]
[Source "ChessBase"]
[SourceDate "2000.03.10"]
[SourceVersion "2"]
[SourceVersionDate "2000.03.10"]
[SourceQuality "1"]
[WhiteTeam "Andernach"]
[BlackTeam "Siershahn"]
[WhiteTeamCountry "GER"]
[BlackTeamCountry "GER"]

1. d4 e6 2. Nf3 Nf6 3. g3 d5 4. Bg2 Be7 5. 0-0 0-0 6. c4 dxc4 7. Qc2 a6 8. Qxc4 b5 9. Qc2 Bb7 10. Bd2 Be4 11. Qc1 Nc6 12. e3 b4 13. Be1 Na5 14. Nbd2 Bd5 15. Qc2 c5 16. e4 Bc6 17. dxc5 Bb5 18. e5 Bd3 19. Qa4 Nd5 20. Rc1 Rc8 21. a3 Bb5 22. Qd1 bxa3 23. bxa3 Bd3 24. Nb3 Nxb3 25. Qxb3 Bxf1 26. Bxf1 Bxc5 27. Rd1 Qb6 28. Qxb6 Bxb6 29. Bxa6 Ra8 30. Bc4 Ba5 31. Bxd5 exd5 32. Rxd5 Bxe1 33. Nxe1 Rxa3 34. Kg2 h6 35. Rd2 Rc8 36. Re2 Rc1 37. f4 Kf8 38. Nf3 Rd1 39. Kf2 Rda1 40. Kg2 Rd1 41. Kf2 Rdd3 42. Ne1 Rdc3 43. Kg2 Ke7 44. Kf2 f6 45. Nc2 Ra2 46. Ne3 Rxe2+ 47. Kxe2 Ke6 48. exf6 gxf6 49. g4 Ra3 50. h4 Ra2+ 51. Kf3 Ra3 52. Ke4 Ra4+ 53. Kf3 1/2-1/2

[Event "Seefeld op 10th"]
[Site "Seefeld"]
[Date "1999.09.14"]
[Round "4"]
[White "Thielen, Dankward"]
[Black "Rantner, Otto"]
[Result "1-0"]
[WhiteElo "2124"]
[BlackElo "1760"]
[PlyCount "81"]
[EventDate "1999.09.11"]
[EventType "swiss"]
[EventRounds "9"]
[EventCountry "AUT"]
[SourceTitle "EXT 2001"]
[Source "ChessBase"]
[SourceDate "2000.11.22"]
[SourceVersion "1"]
[SourceVersionDate "2000.11.22"]
[SourceQuality "1"]

1. e4 d6 2. Nc3 Nf6 3. f4 g6 4. Nf3 Bg7 5. d4 0-0 6. Bd3 c6 7. 0-0 b5 8. e5 dxe5 9. fxe5 Nh5 10. Be3 Na6 11. Be4 Qc7 12. Nxb5 Qb6 13. Nc3 f5 14. Bd3 f4 15. Bf2 Qxb2 16. Qd2 Qb8 17. Rab1 Qc7 18. Qe2 Nb8 19. Be4 Ba6 20. Bd3 Bxd3 21. Qxd3 Nd7 22. Qc4+ Kh8 23. Nd5 Qd8 24. Qxc6 Rc8 25. Qe6 Nb8 26. Ng5 Nc6 27. Nf7+ Rxf7 28. Qxf7 Qd7 29. Nxf4 Nd8 30. Qd5 Qg4 31. Nxh5 gxh5 32. c4 Ne6 33. Qf3 Qg6 34. Be3 Rg8 35. Rb2 Qd3 36. Qe2 Qe4 37. Rd2 h4 38. h3 Rb8 39. d5 Nf8 40. Bxa7 Qxe2 41. Rxe2 1-0

[Event "Passau op 7th"]
[Site "Passau"]
[Date "1999.04.02"]
[Round "1"]
[White "Kuelper, Thomas"]
[Black "Thielen, Dankward"]
[Result "0-1"]
[WhiteElo "1665"]
[BlackElo "2140"]
[PlyCount "56"]
[EventDate "1999.04.02"]
[EventType "swiss"]
[EventRounds "7"]
[EventCountry "GER"]
[SourceTitle "EXT 2000"]
[Source "ChessBase"]
[SourceDate "1999.11.16"]
[SourceVersion "1"]
[SourceVersionDate "1999.11.16"]
[SourceQuality "1"]

1. f4 d5 2. b3 Bg4 3. Nf3 Bxf3 4. exf3 Nf6 5. Bb2 e6 6. Be2 Bd6 7. g3 Nbd7 8. d4 c6 9. 0-0 h5 10. Kg2 h4 11. Nd2 Nh5 12. Rh1 f5 13. Nf1 Qf6 14. Bc1 0-0-0 15. Kf2 Kb8 16. Be3 Qf7 17. Bd2 g5 18. fxg5 hxg3+ 19. hxg3 f4 20. g4 Ng3 21. Rg1 e5 22. Nxg3 Rh2+ 23. Kf1 fxg3 24. Be1 Qh7 25. Rxg3 Rh1+ 26. Rg1 Qh3+ 27. Kf2 Rh2+ 28. Ke3 exd4+ 0-1

[Event "Passau op 7th"]
[Site "Passau"]
[Date "1999.04.02"]
[Round "2"]
[White "Thielen, Dankward"]
[Black "Schmidt, Peter"]
[Result "0-1"]
[WhiteElo "2140"]
[BlackElo "2412"]
[PlyCount "54"]
[EventDate "1999.04.02"]
[EventType "swiss"]
[EventRounds "7"]
[EventCountry "GER"]
[SourceTitle "EXT 2000"]
[Source "ChessBase"]
[SourceDate "1999.11.16"]
[SourceVersion "1"]
[SourceVersionDate "1999.11.16"]
[SourceQuality "1"]

1. e4 d6 2. Nc3 Nf6 3. f4 g6 4. Nf3 Bg7 5. d4 0-0 6. Bd3 Na6 7. 0-0 c5 8. d5 Rb8 9. a4 Nb4 10. Bc4 e6 11. dxe6 fxe6 12. e5 dxe5 13. Qe2 Nc6 14. fxe5 Ng4 15. Rd1 Qe8 16. Ne4 Ngxe5 17. Nxe5 Nxe5 18. Bb5 Qe7 19. Bg5 Qc7 20. Rf1 Rf5 21. Rad1 Bd7 22. Rxf5 gxf5 23. Nf6+ Bxf6 24. Rxd7 Nxd7 25. Qxe6+ Kg7 26. Bxf6+ Nxf6 27. Qxf5 Rf8 0-1

[Event "Goch op 09th"]
[Site "Goch"]
[Date "1998.10.18"]
[Round "6"]
[White "Kaufeld, Juergen"]
[Black "Thielen, Dankward"]
[Result "1/2-1/2"]
[WhiteElo "1984"]
[BlackElo "2145"]
[PlyCount "25"]
[EventDate "1998.10.15"]
[EventType "swiss"]
[EventRounds "7"]
[EventCountry "GER"]
[SourceTitle "EXT 2002"]
[Source "ChessBase"]
[SourceDate "2001.11.25"]
[SourceVersion "1"]
[SourceVersionDate "2001.11.25"]
[SourceQuality "1"]

1. e4 e6 2. d4 d5 3. Nc3 Nf6 4. Bg5 Bb4 5. e5 h6 6. Be3 Ne4 7. Qg4 g6 8. a3 Bxc3+ 9. bxc3 c5 10. Bd3 Qa5 11. Ne2 cxd4 12. Bxd4 Nc5 13. 0-0 1/2-1/2

[Event "Passau op 6th"]
[Site "Passau"]
[Date "1998.04.12"]
[Round "6"]
[White "Thamm, Oliver"]
[Black "Thielen, Dankward"]
[Result "1/2-1/2"]
[WhiteElo "1835"]
[BlackElo "2145"]
[PlyCount "20"]
[EventDate "1998.04.10"]
[EventType "swiss"]
[EventRounds "7"]
[EventCountry "GER"]
[SourceTitle "EXT 1999"]
[Source "ChessBase"]
[SourceDate "1998.11.16"]
[SourceVersion "1"]
[SourceVersionDate "1998.11.16"]
[SourceQuality "1"]

1. c4 e6 2. d4 d5 3. cxd5 exd5 4. Nc3 Nf6 5. Bg5 Nbd7 6. e3 c6 7. Nf3 Be7 8. Bd3 0-0 9. 0-0 Re8 10. Qc2 Nf8 1/2-1/2

[Event "Passau op 6th"]
[Site "Passau"]
[Date "1998.04.12"]
[Round "5"]
[White "Thielen, Dankward"]
[Black "Schaper, Bjoern"]
[Result "0-1"]
[WhiteElo "2145"]
[BlackElo "2010"]
[PlyCount "138"]
[EventDate "1998.04.10"]
[EventType "swiss"]
[EventRounds "7"]
[EventCountry "GER"]
[SourceTitle "EXT 1999"]
[Source "ChessBase"]
[SourceDate "1998.11.16"]
[SourceVersion "1"]
[SourceVersionDate "1998.11.16"]
[SourceQuality "1"]

1. e4 e5 2. f4 exf4 3. Nf3 g5 4. h4 g4 5. Ne5 Nf6 6. d4 d6 7. Nd3 Nxe4 8. Qe2 Qe7 9. Bxf4 Bg7 10. c3 h5 11. Nd2 Nxd2 12. Kxd2 Qxe2+ 13. Bxe2 Bf5 14. Rae1 0-0 15. Nb4 Be6 16. d5 Bf5 17. Bd3 a5 18. Nc2 Bxd3 19. Kxd3 Nd7 20. Re7 Rad8 21. Bg5 f6 22. Bf4 Rf7 23. Rxf7 Kxf7 24. Nd4 Ne5+ 25. Kc2 c6 26. dxc6 bxc6 27. Rf1 Rc8 28. Nf5 Bf8 29. Bh6 d5 30. Bg5 Nd7 31. Ng3 Kg6 32. Bd2 Bd6 33. Nf5 Bc5 34. b4 Bf8 35. a3 Ne5 36. Nd4 axb4 37. axb4 Re8 38. Ne2 Be7 39. Nf4+ Kf7 40. Be1 Rh8 41. Bg3 Ng6 42. Ne2 Rc8 43. Rf5 Rh8 44. Nd4 c5 45. bxc5 Bxc5 46. Rxd5 Bxd4 47. cxd4 Ne7 48. Rc5 Ke6 49. Bf4 Nd5 50. Rc6+ Kf5 51. Bd2 Ke4 52. Bc3 Ne3+ 53. Kd2 Nxg2 54. Rxf6 Nxh4 55. Re6+ Kf4 56. Rf6+ Nf5 57. Kd3 g3 58. Bd2+ Kg4 59. Rg6+ Kh3 60. Rg5 g2 61. Be1 h4 62. Bf2 Ng3 63. Bg1 Rf8 64. d5 Rf1 65. Be3 Rf3 66. Kd4 Rxe3 67. Kxe3 g1Q+ 68. Kd3 Qf1+ 69. Kd4 Qf4+ 0-1

[Event "Passau op 6th"]
[Site "Passau"]
[Date "1998.04.11"]
[Round "4"]
[White "Becker, Robert"]
[Black "Thielen, Dankward"]
[Result "1-0"]
[WhiteElo "2007"]
[BlackElo "2145"]
[PlyCount "77"]
[EventDate "1998.04.10"]
[EventType "swiss"]
[EventRounds "7"]
[EventCountry "GER"]
[SourceTitle "EXT 1999"]
[Source "ChessBase"]
[SourceDate "1998.11.16"]
[SourceVersion "1"]
[SourceVersionDate "1998.11.16"]
[SourceQuality "1"]

1. d4 e6 2. c4 d5 3. Nc3 Nf6 4. Bg5 Nbd7 5. Nf3 Be7 6. e3 0-0 7. Bd3 dxc4 8. Bxc4 a6 9. a3 c5 10. dxc5 Nxc5 11. Qc2 b5 12. Rd1 Qc7 13. Ba2 Nce4 14. Bb1 Nxg5 15. Nxg5 g6 16. h4 Bb7 17. f3 Qg3+ 18. Kf1 Qe5 19. Qf2 Bc5 20. Nge4 Nxe4 21. Bxe4 Bxe4 22. Nxe4 Rad8 23. Re1 Bb6 24. h5 g5 25. h6 Rd3 26. Rh5 f6 27. g4 Rfd8 28. Kg2 Rb3 29. Nc3 Ba5 30. f4 Qc7 31. fxg5 Bxc3 32. bxc3 Qc6+ 33. Kh3 Qxc3 34. gxf6 Rd3 35. Rg5+ Kf8 36. Rg7 Qe5 37. f7 Rxe3+ 38. Rxe3 Rxe3+ 39. Kh4 1-0

[Event "Crailsheim op 4th"]
[Site "Crailsheim"]
[Date "1998.??.??"]
[Round "?"]
[White "Bernhardt, Tillmann"]
[Black "Thielen, Dankward"]
[Result "0-1"]
[WhiteElo "1765"]
[BlackElo "2145"]
[PlyCount "56"]
[EventDate "1998.05.??"]
[EventType "swiss"]
[EventRounds "7"]
[EventCountry "GER"]
[SourceTitle "EXT 2006"]
[Source "ChessBase"]
[SourceDate "2005.11.24"]
[SourceVersion "1"]
[SourceVersionDate "2005.11.24"]
[SourceQuality "1"]

1. c4 e6 2. d4 f5 3. g3 Nf6 4. Nc3 d5 5. Nf3 c6 6. cxd5 exd5 7. Bg2 Bd6 8. Ne5 Nbd7 9. f4 0-0 10. 0-0 Qe7 11. a3 Ne4 12. Qc2 Ndf6 13. b4 Be6 14. Na4 Rac8 15. Nc5 b6 16. Nxe6 Qxe6 17. Nxc6 Bxb4 18. axb4 Rxc6 19. Qb2 Rfc8 20. Rxa7 Nxg3 21. hxg3 Rxc1 22. Rxc1 Qe3+ 23. Kh2 Rxc1 24. Ra1 Rc3 25. Qa2 Ng4+ 26. Kh1 Rc1+ 27. Bf1 Qe4+ 28. Kg1 Qxd4+ 0-1

[Event "Seefeld op 09th"]
[Site "Seefeld"]
[Date "1998.??.??"]
[Round "4"]
[White "Schnitzspan, Lothar"]
[Black "Thielen, Dankward"]
[Result "1-0"]
[WhiteElo "2310"]
[BlackElo "2145"]
[PlyCount "95"]
[EventDate "1998.09.12"]
[EventType "swiss"]
[EventRounds "9"]
[EventCountry "AUT"]
[SourceTitle "EXT 2000"]
[Source "ChessBase"]
[SourceDate "1999.11.16"]
[SourceVersion "1"]
[SourceVersionDate "1999.11.16"]
[SourceQuality "1"]

1. Nf3 d5 2. c4 e6 3. g3 Nf6 4. Bg2 Be7 5. 0-0 0-0 6. b3 c5 7. Bb2 Nc6 8. e3 b6 9. Qe2 Bb7 10. Rd1 Qc7 11. Nc3 dxc4 12. bxc4 Rad8 13. Rac1 Qb8 14. d4 Na5 15. Ne5 Bxg2 16. Kxg2 Qb7+ 17. Kg1 cxd4 18. exd4 Rc8 19. d5 exd5 20. Nxd5 Nxd5 21. cxd5 Rxc1 22. Bxc1 Bd6 23. Ng4 Qc8 24. Bb2 Re8 25. Qf3 f5 26. Ne3 Rf8 27. Qh5 f4 28. Qg5 Qd7 29. Ng4 fxg3 30. hxg3 Kh8 31. Kg2 Qf7 32. f4 Qg6 33. Qxg6 hxg6 34. Rc1 b5 35. Be5 Rd8 36. Bxd6 Rxd6 37. Rc5 a6 38. Ne5 Kh7 39. Nf7 Rf6 40. Ng5+ Kg8 41. d6 Nb7 42. Rc8+ Rf8 43. d7 Nd8 44. Kf2 a5 45. Ke2 b4 46. Kd2 a4 47. Kc1 b3 48. a3 1-0

[Event "Seefeld op 09th"]
[Site "Seefeld"]
[Date "1998.??.??"]
[Round "1"]
[White "Thielen, Dankward"]
[Black "Duric, Rajko"]
[Result "1/2-1/2"]
[WhiteElo "2145"]
[BlackElo "1605"]
[PlyCount "111"]
[EventDate "1998.09.12"]
[EventType "swiss"]
[EventRounds "9"]
[EventCountry "AUT"]
[SourceTitle "EXT 2000"]
[Source "ChessBase"]
[SourceDate "1999.11.16"]
[SourceVersion "1"]
[SourceVersionDate "1999.11.16"]
[SourceQuality "1"]

1. e4 g6 2. d4 Bg7 3. Nc3 d6 4. f4 e6 5. Nf3 Ne7 6. Be3 f5 7. Bd3 fxe4 8. Bxe4 c6 9. 0-0 0-0 10. Qe1 Nd7 11. Kh1 Nf6 12. Bd3 Nfd5 13. Ng5 h6 14. Nxd5 Nxd5 15. Nf3 Nxf4 16. Bxf4 Rxf4 17. Bxg6 Qf6 18. Bd3 Bd7 19. c3 Rf8 20. Nd2 Rxf1+ 21. Nxf1 d5 22. Kg1 Qg5 23. Qg3 e5 24. Qxg5 hxg5 25. dxe5 Bxe5 26. Re1 Bd6 27. Nd2 Bc5+ 28. Kh1 Rf2 29. Re2 g4 30. Rxf2 Bxf2 31. g3 b5 32. Kg2 Bb6 33. b4 Kg7 34. Nb3 Kf6 35. Kf1 Be3 36. Nd4 Ke5 37. Ne2 Bf5 38. Bxf5 Kxf5 39. Kg2 Ke4 40. h4 gxh3+ 41. Kxh3 Kd3 42. Nd4 Kxc3 43. Nxc6 d4 44. Nxa7 Kxb4 45. Nc6+ Ka3 46. Kg2 Kxa2 47. Kf3 Kb3 48. Ke4 Kc3 49. g4 b4 50. Ne7 b3 51. Nd5+ Kd2 52. Nb6 b2 53. Nc4+ Kc3 54. Nxb2 Kxb2 55. Kd3 Kb3 56. g5 1/2-1/2

[Event "Seefeld op 09th"]
[Site "Seefeld"]
[Date "1998.??.??"]
[Round "9"]
[White "Thielen, Dankward"]
[Black "Lawitsch, Guenther"]
[Result "0-1"]
[WhiteElo "2145"]
[BlackElo "2275"]
[PlyCount "142"]
[EventDate "1998.09.12"]
[EventType "swiss"]
[EventRounds "9"]
[EventCountry "AUT"]
[SourceTitle "EXT 2000"]
[Source "ChessBase"]
[SourceDate "1999.11.16"]
[SourceVersion "1"]
[SourceVersionDate "1999.11.16"]
[SourceQuality "1"]

1. e4 e5 2. f4 Bc5 3. Nf3 d6 4. Nc3 Nf6 5. Bc4 Nc6 6. d3 Na5 7. Bb3 Nxb3 8. axb3 a6 9. Qe2 Qe7 10. f5 h6 11. Be3 Bxe3 12. Qxe3 0-0 13. g4 Nxg4 14. Qg1 Nf6 15. Qg2 Kh8 16. Rg1 Rg8 17. 0-0-0 c5 18. Qh3 Bd7 19. Rg3 Bc6 20. Rdg1 b5 21. Nh4 a5 22. Ng2 b4 23. Na4 Bxa4 24. bxa4 c4 25. Ne3 cxd3 26. cxd3 Rac8+ 27. Kb1 Kh7 28. Qh4 Nd5 29. Qxe7 Nxe7 30. Nc4 d5 31. Nxe5 dxe4 32. dxe4 f6 33. Nf7 Rc4 34. Nd6 Rd4 35. Nb7 Rxe4 36. Nxa5 Nxf5 37. Rd3 b3 38. Nxb3 Rxa4 39. Nc5 Ra7 40. Ne4 Rga8 41. Rgd1 Ra1+ 42. Kc2 R1a4 43. Nd6 Nxd6 44. Rxd6 Rf4 45. R1d2 g5 46. Rc6 h5 47. Kc3 Raa4 48. b3 Rae4 49. Rb6 g4 50. Rb8 h4 51. Rd7+ Kg6 52. Rg8+ Kf5 53. Rd5+ Ke6 54. Rd2 Rf3+ 55. Kc2 Kf5 56. Rd5+ Re5 57. Rd2 Rc5+ 58. Kd1 g3 59. hxg3 hxg3 60. b4 Rc4 61. b5 Rf1+ 62. Ke2 Rf2+ 63. Kd3 Rxd2+ 64. Kxc4 Kf4 65. Rg6 f5 66. b6 Rb2 67. Kc5 Kf3 68. Kc6 g2 69. b7 f4 70. Kc7 Rxb7+ 71. Kxb7 Kf2 0-1

[Event "Crailsheim op 4th"]
[Site "Crailsheim"]
[Date "1998.??.??"]
[Round "?"]
[White "Thielen, Dankward"]
[Black "Wimmer, Juergen"]
[Result "0-1"]
[WhiteElo "2145"]
[BlackElo "1850"]
[PlyCount "122"]
[EventDate "1998.05.??"]
[EventType "swiss"]
[EventRounds "7"]
[EventCountry "GER"]
[SourceTitle "EXT 2006"]
[Source "ChessBase"]
[SourceDate "2005.11.24"]
[SourceVersion "1"]
[SourceVersionDate "2005.11.24"]
[SourceQuality "1"]

1. e4 d6 2. d4 Nf6 3. Nc3 c6 4. f4 Qc7 5. Nf3 Bg4 6. h3 Bxf3 7. Qxf3 e5 8. dxe5 dxe5 9. fxe5 Qxe5 10. Bf4 Qa5 11. Bc4 Bb4 12. Bd2 Qc7 13. 0-0-0 Bd6 14. g4 Nbd7 15. Bxf7+ Kxf7 16. g5 Rhf8 17. gxf6 Nxf6 18. Rhg1 Kg8 19. Bh6 Ne8 20. Qg4 Bf4+ 21. Bxf4 Qxf4+ 22. Qxf4 Rxf4 23. Rd7 Rf7 24. Rgd1 Nf6 25. Rxf7 Kxf7 26. e5 Nd5 27. Nxd5 cxd5 28. Rxd5 Ke6 29. Rd6+ Ke7 30. Kd2 Rf8 31. Ke3 Rf1 32. Rd3 Re1+ 33. Kd4 Ke6 34. Rb3 Rd1+ 35. Ke4 Re1+ 36. Kf3 Rf1+ 37. Kg2 Rf7 38. Re3 Rc7 39. c3 Rc5 40. Kf3 Rxe5 41. Rd3 Rd5 42. Re3+ Kf6 43. Ke2 Re5 44. c4 Kf5 45. Rxe5+ Kxe5 46. Ke3 g5 47. b4 h5 48. a4 g4 49. hxg4 hxg4 50. a5 g3 51. Kf3 g2 52. Kxg2 Kd4 53. c5 Kd5 54. Kf3 a6 55. Kf4 Kc4 56. Ke5 Kxb4 57. Kd6 Kb5 58. Kd5 Kxa5 59. c6 bxc6+ 60. Kc5 Ka4 61. Kc4 a5 0-1